[Event "Vezerkepzo GM October 2021"]
[Site "Budapest"]
[Date "2021.10.15"]
[Round "2.5"]
[White "Krishna C R G"]
[Black "Nitish Belurkar"]
[Result "1/2-1/2"]
[WhiteElo "2478"]
[BlackElo "2351"]
[Annotator "ChessBase"]
[PlyCount "51"]
[EventDate "2021.10.14"]
[EventCountry "HUN"]
[SourceTitle "playchess.com"]
[Source "ChessBase"]
[SourceQuality "1"]
[TimeControl "40/5400+30:1800+30"]

1. d4 {[%emt 0:00:34]} Nf6 {[%emt 0:00:40]} 2. c4 {[%emt 0:00:05]} e6 {[%emt 0:00:05]} 3. g3 {[%emt 0:00:05]} d5 {[%emt 0:00:35]} 4. Nf3 {[%emt 0:00:12]} Be7 {[%emt 0:00:10]} 5. Bg2 {[%emt 0:00:05]} O-O {[%emt 0:00:11]} 6. O-O {[%emt 0:00:04]} dxc4 {[%emt 0:00:39]} 7. Qc2 {[%emt 0:00:07]} a6 {[%emt 0:02:29]} 8. a4 {[%emt 0:00:04]} c5 {[%emt 0:02:03]} 9. dxc5 {[%emt 0:00:15]} Bxc5 {[%emt 0:00:08]} 10. Nbd2 {[%emt 0:02:35]} Ra7 {[%emt 0:12:53]} 11. Ng5 {[%emt 0:25:29]} Nbd7 {[%emt 0:35:15]} 12. Nde4 {[%emt 0:12:20]} h6 {[%emt 0:05:36]} 13. Nxc5 {[%emt 0:30:20]} Nxc5 {[%emt 0:00:11]} 14. Be3 {[%emt 0:00:17]} b6 {[%emt 0:00:27]} 15. Nf3 {[%emt 0:02:54]} Nd5 {[%emt 0:07:49]} 16. Bxc5 {[%emt 0:01:11]} bxc5 {[%emt 0:00:03]} 17. Ne5 {[%emt 0:00:47]} Qf6 {[%emt 0:03:49]} 18. Nxc4 {[%emt 0:00:14]} Rd8 {[%emt 0:08:53]} 19. Rfd1 {[%emt 0:07:21]} Nb4 {[%emt 0:04:34]} 20. Qc3 {[%emt 0:07:28]} Rxd1+ {[%emt 0:01:49]} 21. Rxd1 {[%emt 0:00:03]} Rd7 {[%emt 0:00:17]} 22. Rxd7 {[%emt 0:03:25]} Bxd7 {[%emt 0:00:05]} 23. Ne5 {[%emt 0:01:20]} Qe7 {[%emt 0:01:18]} 24. b3 {[%emt 0:01:30]} Qd6 {[%emt 0:01:49]} 25. Bf3 {[%emt 0:02:54]} Bc6 {[%emt 0:01:34]} 26. Nxc6 {[%emt 0:01:15]} 1/2-1/2

[Event "Vezerkepzo GM October 2021"]
[Site "Budapest"]
[Date "2021.10.16"]
[Round "3.2"]
[White "Mahitosh Dey"]
[Black "Krishna C R G"]
[Result "0-1"]
[WhiteElo "2229"]
[BlackElo "2478"]
[Annotator "ChessBase"]
[PlyCount "68"]
[EventDate "2021.10.14"]
[EventCountry "HUN"]
[SourceTitle "playchess.com"]
[Source "ChessBase"]
[SourceQuality "1"]
[TimeControl "40/5400+30:1800+30"]

1. e4 {[%emt 0:00:33]} e6 {[%emt 0:00:32]} 2. d4 {[%emt 0:00:04]} d5 {[%emt 0:00:05]} 3. exd5 {[%emt 0:00:05]} exd5 {[%emt 0:00:07]} 4. Bf4 {[%emt 0:00:04]} Nf6 {[%emt 0:00:38]} 5. Nf3 {[%emt 0:00:05]} Bd6 {[%emt 0:06:23]} 6. Bxd6 {[%emt 0:00:08]} Qxd6 {[%emt 0:00:04]} 7. Bd3 {[%emt 0:00:07]} O-O {[%emt 0:00:32]} 8. O-O {[%emt 0:00:07]} Bg4 {[%emt 0:00:43]} 9. h3 {[%emt 0:00:07]} Bxf3 {[%emt 0:07:55]} 10. Qxf3 {[%emt 0:00:08]} Qb4 {[%emt 0:00:08]} 11. Nc3 {[%emt 0:01:21]} Qxd4 {[%emt 0:00:20]} 12. Rad1 {[%emt 0:00:36]} Qc5 {[%emt 0:00:26]} 13. b4 {[%emt 0:02:51]} Qd6 {[%emt 0:38:44]} 14. Nxd5 {[%emt 0:02:04]} Nxd5 {[%emt 0:00:06]} 15. Be4 {[%emt 0:03:18]} c6 {[%emt 0:17:39]} 16. c4 {[%emt 0:00:38]} f5 {[%emt 0:00:04]} 17. Rxd5 {[%emt 0:10:40]} fxe4 {[%emt 0:00:52]} 18. Rxd6 {[%emt 0:01:40]} exf3 {[%emt 0:01:23]} 19. Re1 {[%emt 0:00:29]} Na6 {[%emt 0:01:27]} 20. Re7 {[%emt 0:00:17]} Rf7 {[%emt 0:00:34]} 21. Rxf7 {[%emt 0:00:14]} Kxf7 {[%emt 0:00:01]} 22. Rd7+ {[%emt 0:00:08]} Kf6 {[%emt 0:00:10]} 23. Rxb7 {[%emt 0:00:06]} Rb8 {[%emt 0:00:46]} 24. Rxa7 {[%emt 0:00:17]} Nxb4 {[%emt 0:00:02]} 25. gxf3 {[%emt 0:00:14]} Rb6 {[%emt 0:01:28]} 26. f4 {[%emt 0:02:09]} Ra6 {[%emt 0:04:19]} 27. Rxa6 {[%emt 0:00:05]} Nxa6 {[%emt 0:00:03]} 28. Kg2 {[%emt 0:00:04]} Ke6 {[%emt 0:00:07]} 29. h4 {[%emt 0:00:47]} Kd6 {[%emt 0:04:35]} 30. h5 {[%emt 0:00:04]} Kc5 {[%emt 0:00:08]} 31. f5 {[%emt 0:01:14]} Kxc4 {[%emt 0:00:10]} 32. Kf3 {[%emt 0:00:25]} Kd5 {[%emt 0:01:00]} 33. Kf4 {[%emt 0:00:43]} h6 {[%emt 0:01:09]} 34. a4 {[%emt 0:00:04]} Kd4 {[%emt 0:01:49]} 0-1

[Event "Vezerkepzo GM October 2021"]
[Site "Budapest"]
[Date "2021.10.16"]
[Round "3.3"]
[White "Sheng, Joshua"]
[Black "Fogarasi, Tibor"]
[Result "1-0"]
[WhiteElo "2464"]
[BlackElo "2333"]
[Annotator "ChessBase"]
[PlyCount "85"]
[EventDate "2021.10.14"]
[EventCountry "HUN"]
[SourceTitle "playchess.com"]
[Source "ChessBase"]
[SourceQuality "1"]
[TimeControl "40/5400+30:1800+30"]

1. e4 {[%emt 0:00:34]} c5 {[%emt 0:00:43]} 2. Nf3 {[%emt 0:00:06]} e6 {[%emt 0:00:12]} 3. d4 {[%emt 0:00:04]} cxd4 {[%emt 0:00:12]} 4. Nxd4 {[%emt 0:00:02]} Nc6 {[%emt 0:00:33]} 5. Nc3 {[%emt 0:00:10]} Qc7 {[%emt 0:00:26]} 6. Be3 {[%emt 0:00:07]} a6 {[%emt 0:00:46]} 7. Qf3 {[%emt 0:00:09]} Nf6 {[%emt 0:00:50]} 8. O-O-O {[%emt 0:00:28]} Rb8 {[%emt 0:01:05]} 9. Be2 {[%emt 0:12:17]} d6 {[%emt 0:13:18]} 10. Qg3 {[%emt 0:06:53]} Bd7 {[%emt 0:11:24]} 11. f4 {[%emt 0:04:29]} b5 {[%emt 0:07:24]} 12. e5 {[%emt 0:09:46]} dxe5 {[%emt 0:01:36]} 13. fxe5 {[%emt 0:01:08]} b4 {[%emt 0:00:39]} 14. Ncb5 {[%emt 0:01:48]} axb5 {[%emt 0:02:03]} 15. exf6 {[%emt 0:00:07]} Qxg3 {[%emt 0:00:37]} 16. hxg3 {[%emt 0:00:01]} gxf6 {[%emt 0:00:50]} 17. Nxb5 {[%emt 0:00:55]} Ne5 {[%emt 0:02:03]} 18. Nc7+ {[%emt 0:01:54]} Kd8 {[%emt 0:01:40]} 19. Na6 {[%emt 0:00:04]} Ra8 {[%emt 0:09:35]} 20. Rh4 {[%emt 0:02:19]} Kc8 {[%emt 0:01:41]} 21. Kb1 {[%emt 0:07:41]} Bc6 {[%emt 0:01:17]} 22. Nxb4 {[%emt 0:12:51]} Bxg2 {[%emt 0:00:11]} 23. Nd3 {[%emt 0:01:53]} Bd5 {[%emt 0:03:12]} 24. c4 {[%emt 0:00:46]} Bc6 {[%emt 0:01:19]} 25. Bd4 {[%emt 0:03:02]} Be7 {[%emt 0:01:48]} 26. Nxe5 {[%emt 0:03:07]} fxe5 {[%emt 0:00:08]} 27. Bxe5 {[%emt 0:00:01]} Bxh4 {[%emt 0:00:29]} 28. Bxh8 {[%emt 0:00:03]} Bxg3 {[%emt 0:00:13]} 29. b4 {[%emt 0:00:30]} Kc7 {[%emt 0:02:13]} 30. Bf6 {[%emt 0:01:14]} Ra3 {[%emt 0:04:07]} 31. b5 {[%emt 0:05:04]} Bf3 {[%emt 0:02:07]} 32. Bxf3 {[%emt 0:01:31]} Rxf3 {[%emt 0:00:06]} 33. Bd8+ {[%emt 0:03:19]} Kc8 {[%emt 0:01:05]} 34. Be7 {[%emt 0:05:43]} h5 {[%emt 0:01:57]} 35. c5 {[%emt 0:01:02]} h4 {[%emt 0:01:21]} 36. c6 {[%emt 0:01:30]} Bc7 {[%emt 0:03:22]} 37. Bxh4 {[%emt 0:00:04]} Rf5 {[%emt 0:01:03]} 38. a4 {[%emt 0:00:05]} Rf4 {[%emt 0:00:13]} 39. Be7 {[%emt 0:00:03]} Rxa4 {[%emt 0:00:13]} 40. Rg1 {[%emt 0:00:00]} Be5 {[%emt 0:00:00]} 41. Rg5 {[%emt 0:09:35]} f5 {[%emt 0:05:50]} 42. Rg6 {[%emt 0:05:41]} Re4 {[%emt 0:09:26]} 43. b6 {[%emt 0:01:51]} 1-0

[Event "Vezerkepzo GM October 2021"]
[Site "Budapest"]
[Date "2021.10.16"]
[Round "4.1"]
[White "Srihari L R"]
[Black "Galyas, Miklos"]
[Result "1/2-1/2"]
[WhiteElo "2414"]
[BlackElo "2449"]
[Annotator "NA"]
[PlyCount "68"]
[EventDate "2021.10.14"]
[EventCountry "HUN"]
[SourceTitle "playchess.com"]
[Source "ChessBase"]
[SourceQuality "1"]
[TimeControl "40/5400+30:1800+30"]

1. d4 {[%emt 0:00:45]} f5 {[%emt 0:03:19]} 2. g3 {[%emt 0:00:18]} Nf6 {[%emt 0:00:06]} 3. Bg2 {[%emt 0:00:23]} g6 {[%emt 0:00:08]} 4. Nf3 {[%emt 0:00:36]} Bg7 {[%emt 0:00:09]} 5. O-O {[%emt 0:00:08]} O-O {[%emt 0:00:05]} 6. b3 {[%emt 0:00:08]} d6 {[%emt 0:00:19]} 7. Bb2 {[%emt 0:00:44]} Qe8 {[%emt 0:00:40]} 8. c4 {[%emt 0:01:08]} Na6 {[%emt 0:01:10]} 9. Nc3 {[%emt 0:01:47]} e5 {[%emt 0:01:48]} 10. dxe5 {[%emt 0:08:58]} dxe5 {[%emt 0:00:47]} 11. e4 {[%emt 0:01:24]} f4 {[%emt 0:01:58]} 12. Nd5 {[%emt 0:02:18]} c6 {[%emt 0:13:52]} 13. Nxf6+ {[%emt 0:10:19]} Bxf6 {[%emt 0:00:19]} 14. Qd6 {[%emt 0:03:47]} Bg4 {[%emt 0:05:07]} 15. Nxe5 {[%emt 0:12:23]} f3 {[%emt 0:10:15]} 16. Qxf6 {[%emt 0:11:19]} Rxf6 {[%emt 0:00:45]} 17. Nxg4 {[%emt 0:00:05]} Re6 {[%emt 0:01:01]} 18. Bh3 {[%emt 0:04:25]} Nc5 {[%emt 0:11:24]} 19. e5 {[%emt 0:12:00]} Qe7 {[%emt 0:02:42]} 20. Rad1 {[%emt 0:02:00]} Rd8 {[%emt 0:05:51]} 21. Nf6+ {[%emt 0:03:42]} Kf7 {[%emt 0:00:21]} 22. Bxe6+ {[%emt 0:04:09]} Qxe6 {[%emt 0:10:46]} 23. Nxh7 {[%emt 0:00:24]} Ke7 {[%emt 0:05:41]} 24. Ng5 {[%emt 0:01:35]} Qf5 {[%emt 0:00:46]} 25. Ba3 {[%emt 0:01:19]} Qxg5 {[%emt 0:04:28]} 26. Bxc5+ {[%emt 0:00:14]} Ke8 {[%emt 0:00:16]} 27. Rxd8+ {[%emt 0:04:32]} Kxd8 {[%emt 0:00:02]} 28. Bxa7 {[%emt 0:00:48]} Qf5 {[%emt 0:03:33]} 29. Kh1 {[%emt 0:01:45]} Ke7 {[%emt 0:02:30]} 30. Be3 {[%emt 0:00:54]} Qc2 {[%emt 0:02:12]} 31. c5 {[%emt 0:01:20]} Qxa2 {[%emt 0:00:23]} 32. h3 {[%emt 0:02:27]} Qxb3 {[%emt 0:00:18]} 33. Kh2 {[%emt 0:00:37]} Ke6 {[%emt 0:00:54]} 34. Re1 {[%emt 0:01:03]} Qc3 1/2-1/2

[Event "Vezerkepzo GM October 2021"]
[Site "Budapest"]
[Date "2021.10.16"]
[Round "4.2"]
[White "Ansat, Aldiyar"]
[Black "Seres, Lajos"]
[Result "1/2-1/2"]
[WhiteElo "2408"]
[BlackElo "2409"]
[Annotator "TA"]
[PlyCount "76"]
[EventDate "2021.10.14"]
[EventCountry "HUN"]
[SourceTitle "playchess.com"]
[Source "ChessBase"]
[SourceQuality "1"]

{[%evp 16,76,35,6,24,-7,-4,-89,-89,-89,-90,-94,-92,-85,-96,-82,-88,-76,-87,-111,-79,-90,-125,-250,-240,-250,-239,-243,-186,-230,-47,-36,-45,-86,-85,-251,-8,-60,-43,-56,-53,-44,-44,-58,-61,-49,-52,-75,-74,-82,-54,-314,-33,-33,-34,-33,-29,-31,-29,-29,-29,-33,-31]} 1. e4 e5 2. Nf3 Nf6 3. Nxe5 d6 4. Nf3 Nxe4 5. d4 d5 6. Bd3 Bd6 7. O-O O-O 8. c4 c6 9. h3 Bf5 {C42: Petroff Defence: 3 Nxe5 and unusual White 3rd moves.} 10. Qc2 Bg6 11. Ne5 {[#]} (11. cxd5 $11 {keeps the balance.} cxd5 12. Nc3) 11... Bxe5 $146 {Black is better.} ({Predecessor:} 11... Na6 12. a3 Bxe5 13. dxe5 Nac5 14. Nc3 Nxd3 15. Qxd3 Nxf2 16. Qf3 Ne4 17. cxd5 cxd5 {½-½ (41) Pranjic,D (1782)-Zipperer,S (1571) Ditzingen 2018}) 12. dxe5 Na6 $1 {[%cal Bb8a6,Ba6b4,Bb4d3][%mdl 32]} 13. cxd5 {[#]} Nb4 $1 14. Qc4 Nxd3 ({Don't play} 14... Qxd5 $6 15. Qxb4 Qxd3 16. Qxb7 $11) 15. Qxd3 {[#]} Nxf2 16. Qd4 Nd3 $36 {[%mdl 2048] Black is really pushing.} 17. d6 c5 18. Qd5 Nb4 19. Qxb7 (19. Qxc5 $17 {was worth a try.} Nc2 20. Nc3) 19... Nc2 $19 20. Nc3 Nxa1 21. Nd5 {intending Ne7+.} Kh8 22. Ne7 Qb6 $2 (22... Nc2 $1 $19 {...Bd3 is the strong threat.} 23. Bg5 Qb8 24. Nxg6+ hxg6 25. Rxf7 Qxb7 26. Rxb7 Nd4) 23. Qxb6 axb6 24. Bg5 Nc2 {aiming for ...Be4.} ({Reject} 24... Rxa2 $6 25. e6 $11) 25. e6 $2 {[#]} (25. Nxg6+ $17 {was forced.} hxg6 26. e6) 25... fxe6 $2 (25... Bd3 $1 $19 {[%cal Rd3f1]} 26. Rd1 Be2) 26. Rxf8+ Rxf8 27. d7 Be4 {And now ...h6 would win.} 28. Nc8 Bc6 29. d8=Q Rxd8 30. Bxd8 $15 {[%mdl 4096] Endgame KBN-KBN} b5 31. Bb6 {[#]} c4 $1 32. Nd6 Kg8 33. a4 $2 {[%mdl 8192]} (33. Kf2 $15) 33... bxa4 $2 (33... c3 $1 $19 {[%cal Rc3b2]} 34. b3 b4) 34. Nxc4 Ne1 35. Ne5 Bd5 ({Wrong is} 35... Bxg2 $2 36. Kf2 $18) 36. g4 Nf3+ 37. Nxf3 Bxf3 38. Kf2 Bd5 {Weighted Error Value: White=0.42/Black=0.40} 1/2-1/2

[Event "Vezerkepzo GM October 2021"]
[Site "Budapest"]
[Date "2021.10.16"]
[Round "4.4"]
[White "Krishna C R G"]
[Black "Sheng, Joshua"]
[Result "1/2-1/2"]
[WhiteElo "2478"]
[BlackElo "2464"]
[Annotator "ChessBase"]
[PlyCount "132"]
[EventDate "2021.10.14"]
[EventCountry "HUN"]
[SourceTitle "playchess.com"]
[Source "ChessBase"]
[SourceQuality "1"]
[TimeControl "40/5400+30:1800+30"]

1. Nf3 {[%emt 0:00:35]} Nf6 {[%emt 0:00:43]} 2. d4 {[%emt 0:00:19]} d5 {[%emt 0:00:03]} 3. c4 {[%emt 0:00:10]} e6 {[%emt 0:00:01]} 4. e3 {[%emt 0:01:15]} Be7 {[%emt 0:00:23]} 5. Bd3 {[%emt 0:00:14]} O-O {[%emt 0:00:16]} 6. O-O {[%emt 0:00:05]} b6 {[%emt 0:00:53]} 7. cxd5 exd5 {[%emt 0:00:04]} 8. Nc3 {[%emt 0:02:54]} Bb7 {[%emt 0:01:50]} 9. b3 {[%emt 0:00:06]} Nbd7 {[%emt 0:01:20]} 10. Bb2 {[%emt 0:00:05]} Re8 {[%emt 0:00:46]} 11. Rc1 {[%emt 0:00:43]} a6 {[%emt 0:00:49]} 12. Ne2 {[%emt 0:02:54]} Bd6 {[%emt 0:01:12]} 13. Qc2 {[%emt 0:03:05]} c5 {[%emt 0:04:45]} 14. Ng3 {[%emt 0:02:18]} a5 {[%emt 0:03:02]} 15. Bb5 {[%emt 0:07:08]} Ba6 {[%emt 0:00:37]} 16. Bxa6 {[%emt 0:03:10]} Rxa6 {[%emt 0:00:02]} 17. Rfd1 {[%emt 0:05:57]} a4 {[%emt 0:01:47]} 18. Ne2 {[%emt 0:01:58]} Qa8 {[%emt 0:04:33]} 19. Nc3 {[%emt 0:10:10]} axb3 {[%emt 0:00:24]} 20. axb3 {[%emt 0:00:02]} Rc8 {[%emt 0:00:35]} 21. dxc5 {[%emt 0:15:22]} bxc5 {[%emt 0:00:19]} 22. Qf5 {[%emt 0:03:54]} Nb6 {[%emt 0:03:09]} 23. Nb5 {[%emt 0:25:49]} Be7 {[%emt 0:00:15]} 24. Ng5 {[%emt 0:00:19]} g6 {[%emt 0:07:51]} 25. Qe5 {[%emt 0:00:39]} Bd8 {[%emt 0:02:30]} 26. Nxf7 {[%emt 0:02:15]} Nbd7 {[%emt 0:01:25]} 27. Nh6+ {[%emt 0:00:38]} Kf8 {[%emt 0:08:08]} 28. Qg5 {[%emt 0:00:11]} Qb8 {[%emt 0:03:06]} 29. Bxf6 {[%emt 0:00:56]} Nxf6 {[%emt 0:00:24]} 30. Nc3 {[%emt 0:00:41]} Ng8 {[%emt 0:00:38]} 31. Qxd5 {[%emt 0:00:35]} Nxh6 32. Ne4 {[%emt 0:01:01]} Be7 {[%emt 0:02:49]} 33. Nxc5 {[%emt 0:01:36]} Bxc5 {[%emt 0:00:05]} 34. Rxc5 {[%emt 0:00:05]} Nf7 {[%emt 0:00:32]} 35. Rxc8+ {[%emt 0:01:48]} Qxc8 {[%emt 0:00:03]} 36. h4 {[%emt 0:02:53]} Qc2 {[%emt 0:03:33]} 37. Qd3 {[%emt 0:06:37]} Qxd3 {[%emt 0:00:58]} 38. Rxd3 {[%emt 0:00:02]} Ne5 {[%emt 0:00:07]} 39. Rd4 {[%emt 0:00:46]} Ra2 {[%emt 0:03:42]} 40. Rf4+ {[%emt 0:00:00]} Kg7 {[%emt 0:00:00]} 41. f3 {[%emt 0:13:40]} Rb2 {[%emt 0:09:46]} 42. Re4 {[%emt 0:01:38]} Nd3 {[%emt 0:00:36]} 43. Re7+ {[%emt 0:08:18]} Kg8 {[%emt 0:00:35]} 44. Kf1 {[%emt 0:00:25]} h5 {[%emt 0:01:28]} 45. Rd7 {[%emt 0:05:25]} Rxb3 {[%emt 0:00:18]} 46. Rd5 {[%emt 0:00:01]} Nb2 {[%emt 0:02:47]} 47. Rg5 {[%emt 0:00:49]} Kf7 {[%emt 0:00:33]} 48. g4 {[%emt 0:00:45]} hxg4 {[%emt 0:01:21]} 49. h5 {[%emt 0:00:16]} gxh5 {[%emt 0:02:05]} 50. fxg4 {[%emt 0:00:08]} hxg4 {[%emt 0:00:17]} 51. Rxg4 {[%emt 0:01:16]} Rxe3 {[%emt 0:00:04]} 52. Kf2 {[%emt 0:00:48]} Nd1+ {[%emt 0:00:05]} 53. Kf1 {[%emt 0:00:02]} Re5 {[%emt 0:00:53]} 54. Rd4 {[%emt 0:00:11]} Ne3+ {[%emt 0:00:04]} 55. Kf2 {[%emt 0:00:01]} Kf6 {[%emt 0:00:24]} 56. Rf4+ {[%emt 0:00:21]} Kg5 {[%emt 0:00:11]} 57. Kf3 {[%emt 0:00:43]} Nd5 {[%emt 0:00:43]} 58. Rg4+ {[%emt 0:00:06]} Kf5 {[%emt 0:00:08]} 59. Rd4 {[%emt 0:00:02]} Nf6 {[%emt 0:01:00]} 60. Rf4+ {[%emt 0:00:06]} Kg5 {[%emt 0:00:02]} 61. Ra4 {[%emt 0:00:28]} Rb5 {[%emt 0:00:20]} 62. Ke3 {[%emt 0:00:18]} Kf5 {[%emt 0:00:03]} 63. Ra7 {[%emt 0:02:16]} Rb4 {[%emt 0:00:17]} 64. Ra5+ {[%emt 0:00:10]} Ke6 {[%emt 0:00:01]} 65. Kd3 {[%emt 0:00:32]} Nd5 {[%emt 0:00:04]} 66. Ra8 {[%emt 0:00:05]} Ke5 1/2-1/2

[Event "Vezerkepzo GM October 2021"]
[Site "Budapest"]
[Date "2021.10.16"]
[Round "4.5"]
[White "Nitish Belurkar"]
[Black "Mahitosh Dey"]
[Result "1/2-1/2"]
[WhiteElo "2351"]
[BlackElo "2229"]
[Annotator "NA"]
[PlyCount "175"]
[EventDate "2021.10.14"]
[EventCountry "HUN"]
[SourceTitle "playchess.com"]
[Source "ChessBase"]
[SourceQuality "1"]
[TimeControl "40/5400+30:1800+30"]

1. e4 {[%emt 0:04:52]} e5 {[%emt 0:00:30]} 2. Nf3 {[%emt 0:00:22]} Nc6 {[%emt 0:00:06]} 3. Bb5 {[%emt 0:00:02]} a6 {[%emt 0:00:05]} 4. Ba4 {[%emt 0:00:02]} Nf6 {[%emt 0:00:07]} 5. O-O {[%emt 0:00:04]} b5 {[%emt 0:00:06]} 6. Bb3 {[%emt 0:00:04]} Bb7 {[%emt 0:00:06]} 7. d3 {[%emt 0:00:11]} Bc5 {[%emt 0:00:06]} 8. a4 {[%emt 0:00:15]} b4 {[%emt 0:00:40]} 9. Be3 {[%emt 0:09:25]} d6 {[%emt 0:01:18]} 10. a5 {[%emt 0:02:01]} O-O $16 {[%emt 0:00:25]} 11. Nbd2 {[%emt 0:04:01]} Qe7 {[%emt 0:00:18]} 12. Bxc5 {[%emt 0:19:29]} dxc5 {[%emt 0:00:09]} 13. Nc4 {[%emt 0:00:02]} Rad8 {[%emt 0:02:25]} 14. Ne3 {[%emt 0:03:02]} Bc8 {[%emt 0:00:20]} 15. Bc4 {[%emt 0:02:49]} Nd4 {[%emt 0:03:42]} 16. c3 {[%emt 0:04:12]} Nxf3+ {[%emt 0:00:06]} 17. Qxf3 {[%emt 0:00:05]} g6 {[%emt 0:00:16]} 18. Rac1 {[%emt 0:16:16]} Rd6 {[%emt 0:00:22]} 19. Qe2 {[%emt 0:00:58]} Nh5 {[%emt 0:01:19]} 20. Nd5 {[%emt 0:04:44]} Qg5 {[%emt 0:01:32]} 21. Qe3 {[%emt 0:00:30]} Nf4 {[%emt 0:16:02]} 22. g3 {[%emt 0:03:57]} bxc3 {[%emt 0:03:54]} 23. Rxc3 {[%emt 0:03:40]} Bh3 {[%emt 0:01:07]} 24. Re1 {[%emt 0:04:37]} Ne6 {[%emt 0:04:04]} 25. Qxg5 {[%emt 0:01:08]} Nxg5 {[%emt 0:00:07]} 26. Re3 {[%emt 0:00:19]} c6 {[%emt 0:01:41]} 27. Nb6 {[%emt 0:03:18]} Bc8 {[%emt 0:01:13]} 28. h4 {[%emt 0:01:16]} Ne6 {[%emt 0:00:08]} 29. Bxe6 {[%emt 0:02:48]} Bxe6 {[%emt 0:00:07]} 30. Rxc5 {[%emt 0:00:07]} Rfd8 {[%emt 0:00:27]} 31. Rc3 {[%emt 0:00:49]} Rd4 {[%emt 0:01:39]} 32. Kf1 {[%emt 0:05:08]} Rb4 {[%emt 0:00:08]} 33. Re2 {[%emt 0:00:02]} Rb5 {[%emt 0:00:34]} 34. Ra3 {[%emt 0:00:36]} c5 {[%emt 0:02:35]} 35. Rc2 {[%emt 0:00:40]} Bb3 {[%emt 0:00:12]} 36. Rc3 {[%emt 0:00:11]} Be6 {[%emt 0:00:05]} 37. Rc2 {[%emt 0:00:04]} Bb3 {[%emt 0:00:58]} 38. Rc3 {[%emt 0:00:11]} Be6 {[%emt 0:00:11]} 39. b3 {[%emt 0:01:13]} Rd4 {[%emt 0:00:36]} 40. Na4 {[%emt 0:00:00]} Bxb3 {[%emt 0:00:00]} 41. Nxc5 {[%emt 0:03:31]} Bc4 {[%emt 0:09:07]} 42. Nd7 {[%emt 0:05:08]} Be6 {[%emt 0:02:34]} 43. Nf6+ {[%emt 0:01:45]} Kg7 {[%emt 0:04:15]} 44. Ne8+ {[%emt 0:00:04]} Kh6 {[%emt 0:00:05]} 45. Nc7 {[%emt 0:01:16]} Bh3+ {[%emt 0:00:08]} 46. Ke2 {[%emt 0:02:54]} Rb2+ {[%emt 0:00:23]} 47. Ke3 {[%emt 0:00:37]} Bg4 {[%emt 0:02:00]} 48. f3 {[%emt 0:00:17]} Bh3 {[%emt 0:00:51]} 49. Rc1 {[%emt 0:05:10]} Bc8 {[%emt 0:01:32]} 50. f4 {[%emt 0:06:04]} f6 {[%emt 0:00:19]} 51. Nd5 {[%emt 0:00:19]} Bg4 {[%emt 0:00:18]} 52. Re1 {[%emt 0:00:10]} Rg2 {[%emt 0:00:59]} 53. Nxf6 {[%emt 0:03:05]} Rxg3+ {[%emt 0:00:08]} 54. Kd2 {[%emt 0:02:18]} exf4 {[%emt 0:00:51]} 55. Nd5 {[%emt 0:02:02]} f3 {[%emt 0:00:32]} 56. Rf1 {[%emt 0:00:33]} Be6 {[%emt 0:05:51]} 57. Ke3 {[%emt 0:02:23]} Rxd5 {[%emt 0:00:04]} 58. exd5 {[%emt 0:00:05]} Bxd5 {[%emt 0:00:03]} 59. Rc3 {[%emt 0:01:34]} Rg2 {[%emt 0:00:08]} 60. Rf2 {[%emt 0:00:05]} Rg1 {[%emt 0:00:13]} 61. Rc5 {[%emt 0:00:40]} Bb7 {[%emt 0:00:54]} 62. Rc7 {[%emt 0:00:04]} Rb1 {[%emt 0:00:22]} 63. Kd4 {[%emt 0:00:45]} Rb5 {[%emt 0:00:44]} 64. Rh2 {[%emt 0:03:05]} Ba8 {[%emt 0:01:28]} 65. Rc5 {[%emt 0:01:08]} Rxc5 {[%emt 0:02:38]} 66. Kxc5 {[%emt 0:00:01]} Kh5 {[%emt 0:00:06]} 67. Kd4 {[%emt 0:00:05]} Kg4 {[%emt 0:00:06]} 68. Ke3 {[%emt 0:00:03]} Kg3 {[%emt 0:00:06]} 69. Rh1 {[%emt 0:00:50]} Bc6 {[%emt 0:01:50]} 70. Rg1+ {[%emt 0:01:28]} Kxh4 {[%emt 0:01:26]} 71. Kf2 {[%emt 0:00:01]} g5 {[%emt 0:01:00]} 72. Rh1+ {[%emt 0:00:00]} Kg4 {[%emt 0:00:12]} 73. Rxh7 {[%emt 0:00:03]} Bb5 {[%emt 0:00:31]} 74. d4 {[%emt 0:04:37]} Kf4 {[%emt 0:00:07]} 75. Rg7 {[%emt 0:00:07]} g4 {[%emt 0:00:34]} 76. d5 {[%emt 0:00:22]} Ke5 {[%emt 0:00:09]} 77. Rg5+ {[%emt 0:00:13]} Kd6 {[%emt 0:00:33]} 78. Ke3 {[%emt 0:00:36]} Bc4 {[%emt 0:02:59]} 79. Rxg4 {[%emt 0:00:17]} f2 {[%emt 0:00:05]} 80. Kxf2 {[%emt 0:00:11]} Kxd5 {[%emt 0:00:03]} 81. Ke3 {[%emt 0:00:48]} Kc5 {[%emt 0:00:06]} 82. Kd2 {[%emt 0:00:05]} Kb5 {[%emt 0:02:17]} 83. Kc3 {[%emt 0:00:02]} Bf1 {[%emt 0:00:09]} 84. Rf4 {[%emt 0:00:09]} Be2 {[%emt 0:00:11]} 85. Re4 {[%emt 0:00:05]} Bf1 {[%emt 0:00:38]} 86. Rf4 {[%emt 0:00:01]} Be2 {[%emt 0:00:16]} 87. Rf5+ {[%emt 0:00:02]} Ka4 {[%emt 0:00:10]} 88. Re5 1/2-1/2

[Event "Vezerkepzo GM October 2021"]
[Site "Budapest"]
[Date "2021.10.18"]
[Round "5.1"]
[White "Mahitosh Dey"]
[Black "Srihari L R"]
[Result "1/2-1/2"]
[WhiteElo "2229"]
[BlackElo "2414"]
[Annotator "TA"]
[PlyCount "49"]
[EventDate "2021.10.14"]
[EventCountry "HUN"]
[SourceTitle "playchess.com"]
[Source "ChessBase"]
[SourceQuality "1"]

{[%evp 9,49,26,32,12,16,10,42,38,51,51,54,32,49,0,0,0,2,-4,-7,-26,-28,-13,-21,-14,-4,-18,-24,-50,-47,-46,-44,-59,-32,-56,-50,-49,-35,-37,0,0,0,0]} 1. e4 d6 2. d4 Nf6 3. Bd3 e5 4. Ne2 Nc6 5. d5 Nb4 6. O-O {B07: Pirc Defence: Miscellaneous Systems.} c6 7. c4 {[#]} Be7 $146 ({Predecessor:} 7... Bd7 8. Nbc3 Rc8 9. a3 Nxd3 10. Qxd3 Qc7 11. Kh1 cxd5 12. cxd5 Qc4 13. Qxc4 Rxc4 {0-1 (42) Belmonte Barragan,A-Donati,R (2165) Kolobrzeg 2005}) 8. Nbc3 {White is slightly better.} O-O 9. Bb1 a5 10. a3 Na6 {[%cal Bb4a6,Ba6c7,Bc7e6,Be6d4][%mdl 32]} 11. b4 axb4 12. axb4 Bd7 13. dxc6 bxc6 14. Ra4 Nc7 15. Bg5 Rxa4 16. Qxa4 Ne6 17. Bxf6 Bxf6 18. Qa7 {[#]} Qa8 $1 19. Qxa8 ({Not} 19. Qxd7 $2 Rd8 $19) 19... Rxa8 20. Rd1 Nd4 21. Bd3 Bd8 22. b5 Kf8 23. bxc6 Bxc6 24. Nxd4 exd4 25. Nb5 {Weighted Error Value: White=0.10/Black=0.08} 1/2-1/2